LEADER 00983nam0-2200313---450- 001 990009572690403321 005 20120523150150.0 010 $a8870381730 035 $a000957269 035 $aFED01000957269 035 $a(Aleph)000957269FED01 035 $a000957269 100 $a20120515d1989----km-y0itay50------ba 101 0 $aita 102 $aIT 105 $a--------001yy 200 1 $aBattaglie$edipinti dal XVII al XIX secolo delle Gallerie fiorentine$eFirenze, sala Bianca di Palazzo Pitti, luglio-dicembre 1989$fa cura di Marco Chiarini 210 $aFirenze$cCentro Di$d1989 215 $a102 p., tav.$cill.$d23 cm. 610 0 $aBattaglie$aSec. 17.-19.$aIconografia$aEsposizioni$aFirenze$a1989 676 $a704.94 702 1$aChiarini,$bMarco 801 0$aIT$bUNINA$gRICA$2UNIMARC 901 $aBK 912 $a990009572690403321 952 $a704.94 MOSTRE FIRENZE 1989$bBibl.59174$fFLFBC 959 $aFLFBC 996 $aBattaglie$9846391 997 $aUNINA LEADER 00926nam0-22003011i-450- 001 990003688170403321 005 20001010 010 $a88-15-07235-7 035 $a000368817 035 $aFED01000368817 035 $a(Aleph)000368817FED01 035 $a000368817 100 $a20000920d1999----km-y0itay50------ba 101 0 $aita 105 $ay-------001yy 200 1 $aInnovazione tecnologica e capitale umano in Italia 1880-1914$eLe traiettore della seconda rivoluzione industriale$fMichelangelo Vasta 210 $aBologna$cIl Mulino$d1999 215 $a283 pp. 225 1 $aStoria e studi sull'impresa 700 1$aVasta,$bMichelangelo$0140036 801 0$aIT$bUNINA$gRICA$2UNIMARC 901 $aBK 912 $a990003688170403321 952 $aSE 113.06.31-$b2164D$fDECSE 959 $aDECSE 996 $aInnovazione tecnologica e capitale umano in Italia, 1880-1914$952404 997 $aUNINA DB $aING01